[Event "Chalon sur Saone"]
[Site "Chalon sur Saone"]
[Date "1991.??.??"]
[Round "6"]
[White "Laurence, Christophe"]
[Black "Jardy, Herve"]
[Result "1-0"]
[WhiteElo "2030"]
[BlackElo "2010"]
[PlyCount "67"]
[EventDate "1991.??.??"]
[EventType "tourn"]
[EventRounds "11"]
[EventCountry "FRA"]
[EventCategory "2"]
[SourceTitle "EXT 2004"]
[Source "ChessBase"]
[SourceDate "2003.11.25"]
[SourceVersion "1"]
[SourceVersionDate "2003.11.25"]
[SourceQuality "1"]

1. e4 c5 2. Nf3 d6 3. d4 cxd4 4. Nxd4 Nf6 5. Nc3 a6 6. Be3 e5 7. Nb3 Be6 8. a4 Ng4 9. Bc1 Nf6 10. Be2 Be7 11. 0-0 0-0 12. Be3 Nbd7 13. Nc1 Rc8 14. f3 Qc7 15. Rf2 Qc6 16. Bf1 d5 17. exd5 Nxd5 18. Nxd5 Bxd5 19. Rd2 Be6 20. Nd3 Rfd8 21. c3 f6 22. a5 Nc5 23. Nb4 Qc7 24. Nd5 Bxd5 25. Rxd5 Ne6 26. Kh1 Kf8 27. Bb6 Rxd5 28. Qxd5 Qc6 29. Rd1 Nf4 30. Qxc6 Rxc6 31. g3 Ne6 32. Rd7 Nc5 33. Bxc5 Rxc5 34. Rxb7 1-0